Introducción a la electrotecnia

Na minha lista:
Detalhes bibliográficos
Autor principal: Sobrevila, Marcelo Antonio (Author)
Formato: Livro
Idioma:espanhol
Publicado em: Buenos Aires Alsina 1967
Assuntos:
Tags: Adicionar Tag
Sem tags, seja o primeiro a adicionar uma tag!

MARC

LEADER 00000nam a2200000 a 4500
001 UCV4406
003 CL-VaPUC
008 920717e19670000AG |||||||||||||||||spa|d
082 0 4 |a 621.3  |b SOB  |2 21 
100 0 |a Sobrevila, Marcelo Antonio  |e author  |9 298673 
245 1 0 |a Introducción a la electrotecnia 
300 |a 138 p 
942 |c BK 
945 |d 19920717 00:00:00 
260 |a Buenos Aires  |b Alsina  |c 1967 
650 0 |a Ingeniería eléctrica  |9 260573 
583 |a last modification  |c 19920717 00:00:00  |k Rodrigo Vera 
999 |c 211249  |d 211247 
952 |0 0  |1 0  |4 0  |6 621_300000000000000_SOB_1967  |7 0  |8 A  |9 189873  |a BIBING  |b BIBING  |d 2019-11-14  |i 2575574  |o 621.3 SOB 1967  |p 2575574  |r 2025-01-20  |w 2019-11-14  |y BK  |k ING